Walter Rodney speaks : (Record no. 4061)
[ view plain ]
| 000 -LEADER | |
|---|---|
| fixed length control field | 01218cam a2200337 a 4500 |
| 001 - CONTROL NUMBER | |
| control field | 2424609 |
| 005 - DATE AND TIME OF LATEST TRANSACTION | |
| control field | 20170529113539.0 |
| 008 - FIXED-LENGTH DATA ELEMENTS--GENERAL INFORMATION | |
| fixed length control field | 870922s1990 nju b 000 0aeng |
| 010 ## - LIBRARY OF CONGRESS CONTROL NUMBER | |
| LC control number | 87072611 |
| 020 ## - INTERNATIONAL STANDARD BOOK NUMBER | |
| International Standard Book Number | 0865430713 : |
| Terms of availability | $29.95 |
| 020 ## - INTERNATIONAL STANDARD BOOK NUMBER | |
| International Standard Book Number | 0865430721 : |
| Terms of availability | $9.95 |
| 040 ## - CATALOGING SOURCE | |
| Original cataloging agency | DLC |
| Transcribing agency | DLC |
| Modifying agency | DLC |
| 043 ## - GEOGRAPHIC AREA CODE | |
| Geographic area code | f------ |
| -- | s-gy--- |
| 050 00 - LIBRARY OF CONGRESS CALL NUMBER | |
| Classification number | DT19.7.R62 |
| Item number | A3 1990 |
| 100 1# - MAIN ENTRY--PERSONAL NAME | |
| Personal name | Rodney, Walter. |
| 9 (RLIN) | 22523 |
| 245 10 - TITLE STATEMENT | |
| Title | Walter Rodney speaks : |
| Remainder of title | the making of an African intellectual / |
| Statement of responsibility, etc | with an introduction by Robert Hill ; foreword by Howard Dodson. |
| 260 ## - PUBLICATION, DISTRIBUTION, ETC. (IMPRINT) | |
| Place of publication, distribution, etc | Trenton, N.J. : |
| Name of publisher, distributor, etc | Africa World Press, |
| Date of publication, distribution, etc | c1990. |
| 300 ## - PHYSICAL DESCRIPTION | |
| Extent | xv, 122 p. ; |
| Dimensions | 23 cm. |
| 504 ## - BIBLIOGRAPHY, ETC. NOTE | |
| Bibliography, etc | Includes bibliographical references. |
| 600 10 - SUBJECT ADDED ENTRY--PERSONAL NAME | |
| Personal name | Rodney, Walter. |
| 9 (RLIN) | 22523 |
| 650 #0 - SUBJECT ADDED ENTRY--TOPICAL TERM | |
| Topical term or geographic name as entry element | Historians |
| Geographic subdivision | Guyana |
| Form subdivision | Biography. |
| 9 (RLIN) | 31386 |
| 650 #0 - SUBJECT ADDED ENTRY--TOPICAL TERM | |
| Topical term or geographic name as entry element | Political activists |
| Geographic subdivision | Guyana |
| Form subdivision | Biography. |
| 9 (RLIN) | 31387 |
| 650 #0 - SUBJECT ADDED ENTRY--TOPICAL TERM | |
| Topical term or geographic name as entry element | Pan-Africanism. |
| 9 (RLIN) | 3229 |
| 650 #0 - SUBJECT ADDED ENTRY--TOPICAL TERM | |
| Topical term or geographic name as entry element | Black power. |
| 9 (RLIN) | 31388 |
| 650 #0 - SUBJECT ADDED ENTRY--TOPICAL TERM | |
| Topical term or geographic name as entry element | Blacks |
| General subdivision | Intellectual life. |
| 9 (RLIN) | 31389 |
| 651 #0 - SUBJECT ADDED ENTRY--GEOGRAPHIC NAME | |
| Geographic name | Africa |
| General subdivision | Politics and government |
| Chronological subdivision | 1960- |
| 9 (RLIN) | 31390 |
| 906 ## - LOCAL DATA ELEMENT F, LDF (RLIN) | |
| a | 7 |
| b | cbc |
| c | orignew |
| d | 3 |
| e | opcn |
| f | 19 |
| g | y-gencatlg |
| 942 ## - ADDED ENTRY ELEMENTS (KOHA) | |
| Source of classification or shelving scheme | Library of Congress Classification |
| Item type | Monograph ( Printed materials) |
| Withdrawn status | Lost status | Source of classification or shelving scheme | Damaged status | Not for loan | Collection code | Home library | Current library | Shelving location | Date acquired | Total Checkouts | Full call number | Barcode | Date last seen | Copy number | Price effective from | Koha item type |
|---|---|---|---|---|---|---|---|---|---|---|---|---|---|---|---|---|
| Library of Congress Classification | Main Collection | ARRUPE LIBRARY | ARRUPE LIBRARY | 27/02/2013 | DT19.7.R62A3 | 46405255 | 07/12/2017 | 1 | 27/02/2013 | Monograph ( Printed materials) |